Match the Percy Jackson character to their godly parent - Statistics

General Stats
  • This quiz has been taken 196 times
  • The average score is 19 of 24
Answer Stats
Character Godly Parent % Correct
Annabeth Chase Athena
100%
Percy Jackson Poseidon
100%
Luke Castellan Hermes
99%
Nico Di Angelo Hades
97%
Thalia Grace Zeus
97%
Clarisse La Rue Ares
96%
Silena Beauregard Aphrodite
92%
Piper Mclean Aphrodite
88%
Charles Beckendorf Hephaestus
87%
Leo Valdez Hephaestus
86%
Connor Stoll Hermes
86%
Travis Stoll Hermes
86%
Jason Grace Jupiter
86%
Will Solace Apollo
84%
Hazel Levesque Pluto
79%
Frank Zhang Mars
78%
Ethan Nakamura Nemesis
77%
Chris Rodriguez Hermes
74%
Drew Aphrodite
66%
Reyna Ramírez-Arellano Bellona
60%
Meg McCaffrey Demeter
59%
Butch Iris
44%
Harley Hephaestus
41%
Blanche Iris
25%
No matching quizzes found
Score Distribution
Percent of People with Each Score
Percentile by Number Answered
Your Score History
You have not taken this quiz